ბათუმის შოთა რუსთაველის სახელმწიფო უნივერსიტეტის ბიბლიოთეკა

მშობლიური მიწა. (ბიბ.ჩანაწერი № 42459)

000 -LEADER
fixed length control field 00833nam a2200229Ia 4500
001 - CONTROL NUMBER
control field 9155
003 - CONTROL NUMBER IDENTIFIER
control field GE_BSU
008 - FIXED-LENGTH DATA ELEMENTS--GENERAL INFORMATION
fixed length control field 181216s||||||||xx |||||||||||||| ||und||
040 ## - CATALOGING SOURCE
Transcribing agency GE_BSU
080 ## - UNIVERSAL DECIMAL CLASSIFICATION NUMBER
Universal Decimal Classification number 82-93
100 ## - MAIN ENTRY--PERSONAL NAME
Personal name ლომიძე,ანდრო
245 ## - TITLE STATEMENT
Title მშობლიური მიწა.
245 ## - TITLE STATEMENT
Remainder of title საბავშვო მოთხრობები
245 ## - TITLE STATEMENT
Statement of responsibility, etc. რედ. ა.თევზაძე.მხატვ.ნ.ფოფხაძე
260 ## - PUBLICATION, DISTRIBUTION, ETC.
Place of publication, distribution, etc. თბილისი
260 ## - PUBLICATION, DISTRIBUTION, ETC.
Name of publisher, distributor, etc. საბავშვო და ახალგაზრდობის ლიტ.გამ–ბა
260 ## - PUBLICATION, DISTRIBUTION, ETC.
Date of publication, distribution, etc. 1952
300 ## - PHYSICAL DESCRIPTION
Extent 93გვ.ილ.20სმ.
653 ## - INDEX TERM--UNCONTROLLED
Uncontrolled term მშობლიური მიწა.
653 ## - INDEX TERM--UNCONTROLLED
Uncontrolled term საბავშვო მოთხრობები
942 ## - ADDED ENTRY ELEMENTS (KOHA)
Koha item type წიგნი
ეგზემპლარები
Withdrawn status Lost status Damaged status Not for loan Date acquired Barcode Date last seen Price effective from Koha item type
        2018-12-17 31868 2018-12-17 2018-12-17 წიგნი
        2018-12-17 31869 2018-12-17 2018-12-17 წიგნი
        2018-12-17 31870 2018-12-17 2018-12-17 წიგნი
        2018-12-17 31871 2018-12-17 2018-12-17 წიგნი
        2018-12-17 31872 2018-12-17 2018-12-17 წიგნი
        2018-12-17 31873 2018-12-17 2018-12-17 წიგნი
        2018-12-17 31874 2018-12-17 2018-12-17 წიგნი
        2018-12-17 31875 2018-12-17 2018-12-17 წიგნი